A Textbook of Physical Chemistry / (Record no. 681)

000 -LEADER
fixed length control field 01510nam a2200313 a 4500
008 - FIXED-LENGTH DATA ELEMENTS--GENERAL INFORMATION
fixed length control field 191011r20012009ii a|||g |||| 001 0 eng d
020 ## - INTERNATIONAL STANDARD BOOK NUMBER
International Standard Book Number 9780333935040
Terms of availability Rs. 285.00
Qualifying information Vol. 1
040 ## - CATALOGING SOURCE
Original cataloging agency IMU Kochi Library
Language of cataloging eng
041 0# - LANGUAGE CODE
Language code of text/sound track or separate title eng
044 ## - COUNTRY OF PUBLISHING/PRODUCING ENTITY CODE
MARC country code India
082 04 - DEWEY DECIMAL CLASSIFICATION NUMBER
Edition number 23
Classification number 541.3
Item number K1419
100 1# - MAIN ENTRY--PERSONAL NAME
Personal name Kapoor, K. L.
245 10 - TITLE STATEMENT
Title A Textbook of Physical Chemistry /
250 ## - EDITION STATEMENT
Edition statement 3rd ed.
260 ## - PUBLICATION, DISTRIBUTION, ETC. (IMPRINT)
Place of publication, distribution, etc New Delhi :
Name of publisher, distributor, etc Macmillan India Ltd,
Date of publication, distribution, etc 2006, reprinted 2010
300 ## - PHYSICAL DESCRIPTION
Extent 6 v :
Other physical details ill. ;
Dimensions 24 cm.
504 ## - BIBLIOGRAPHY, ETC. NOTE
Bibliography, etc Includes index.
505 0# - FORMATTED CONTENTS NOTE
Formatted contents note Volume 1. States of Matter and Ions in Solutions -- Volume 2. Thermodynamics and Chemical Equilibrium -- Volume 3. Applications of Thermodynamics -- Volume 4. Quantum Chemistry and Molecular Spectroscopy -- Volume 5. Dynamics of Chemical Reactions, Statistical Thermodynamics and Macro-molecules -- Volume 6. Computational Aspects in Physical Chemistry
650 #0 - SUBJECT ADDED ENTRY--TOPICAL TERM
Topical term or geographic name as entry element Chemistry, Physical and theoretical
General subdivision Ions--Migration and velocity
Form subdivision Textbooks
650 #0 - SUBJECT ADDED ENTRY--TOPICAL TERM
Topical term or geographic name as entry element Chemistry, Physical and theoretical
General subdivision Thermodynamics
Form subdivision Textbooks
650 #0 - SUBJECT ADDED ENTRY--TOPICAL TERM
Topical term or geographic name as entry element Chemistry, Physical and theoretical
General subdivision Phase rule and equilibrium
Form subdivision Textbooks
650 #0 - SUBJECT ADDED ENTRY--TOPICAL TERM
Topical term or geographic name as entry element Chemistry, Physical and theoretical
General subdivision Quantum chemistry
Form subdivision Textbooks
650 #0 - SUBJECT ADDED ENTRY--TOPICAL TERM
Topical term or geographic name as entry element Chemical reactions
Form subdivision Textbooks
650 #0 - SUBJECT ADDED ENTRY--TOPICAL TERM
Topical term or geographic name as entry element Chemistry, Physical and theoretical--Mathematics
Form subdivision Textbooks
650 #0 - SUBJECT ADDED ENTRY--TOPICAL TERM
Topical term or geographic name as entry element Chemistry, Analytic--Qualitative
General subdivision Spectrum analysis
-- Molecular spectroscopy
Form subdivision Textbooks
852 ## - LOCATION/CALL NUMBER
Location IMU Kochi Library
904 ## - LOCAL DATA ELEMENT D, LDD (RLIN)
CATALOGER Shine Joy
942 ## - ADDED ENTRY ELEMENTS (KOHA)
Item type Books
Holdings
Withdrawn status Lost status Source of classification or shelving scheme Damaged status Not for loan Collection code Permanent location Current location Shelving location Source of acquisition Full call number Barcode Date last seen Koha item type Public note
          Chemistry IMU Kochi Library IMU Kochi Library General Stacks Bought Earlier 541.3 K1419 V.1 BK000006 2019-10-11 Books Gen. Shelf-10, Row-2
          Chemistry IMU Kochi Library IMU Kochi Library General Stacks Bought Earlier 541.3 K1419 V.2 BK000007 2019-10-11 Books Gen. Shelf-10, Row-2
          Chemistry IMU Kochi Library IMU Kochi Library General Stacks Bought Earlier 541.3 K1419 V.3 BK000008 2019-10-11 Books Gen. Shelf-10, Row-2
          Chemistry IMU Kochi Library IMU Kochi Library General Stacks Bought Earlier 541.3 K1419 V.4 BK000009 2019-10-11 Books Gen. Shelf-10, Row-2
          Chemistry IMU Kochi Library IMU Kochi Library General Stacks Bought Earlier 541.3 K1419 V.5 BK000010 2019-10-11 Books Gen. Shelf-10, Row-2
          Chemistry IMU Kochi Library IMU Kochi Library General Stacks Bought Earlier 541.3 K1419 V.6 BK000011 2019-10-11 Books Gen. Shelf-10, Row-2


Copyright © All Rights Reserved by Indian Maritime University, Kochi Campus.
For any Suggestions/Query Contact to library or Email: library.kochi@imu.ac.in Ph:(0484)-2989402
(Web OPAC Designed by Rudra Ranjan. Maintained by IMU Kochi Library)

Powered by Koha